| 000 | 00571nam a2200193 a 4500 | ||
|---|---|---|---|
| 001 | 000042269 | ||
| 005 | 20201002040037.0 | ||
| 008 | 131121s1975 sp ac 000 0 spa d | ||
| 020 | _a8473640497 | ||
| 040 |
_aDO-SdBNP _bspa _cBNPHU |
||
| 082 |
_axxx _bB819B |
||
| 100 | 1 |
_aThomas, Bob _d1922- _959836 |
|
| 240 | 1 | 0 |
_aMarlon, portrait of the rebel as an artist _leng |
| 245 | 1 | 0 |
_aMarlon Brando : _bun artista rebelde / _cBob Thomas. |
| 260 |
_aBarcelona : _bEuros, _c1975. |
||
| 300 |
_a232 p. : _bil., retrs. ; _c22 cm. |
||
| 490 | 1 | _aPersonae | |
| 830 | 0 |
_aPersonae _969306 |
|
| 999 |
_c41758 _d41758 |
||